Reprezentacje, które nie zagrały na Euro - Statystyki

Ogólne statystyki
  • Ten quiz został rozwiązany 52 razy
  • Średni wynik to 16 z 19
Statystyki odpowiedzi
Miejsce w rankingu FIFA Odpowiedź % Poprawnych
129. Estonia
100%
148. Litwa
100%
211. San Marino
98%
78. Kosowo
93%
159. Mołdawia
93%
173. Andora
91%
206. Liechtenstein
91%
98. Luksemburg
91%
161. Malta
87%
97. Białoruś
85%
203. Gibraltar
85%
81. Czarnogóra
83%
65. Bośnia i Hercegowina
80%
126. Cypr
80%
77. Izrael
78%
110. Kazachstan
78%
106. Armenia
76%
124. Azerbejdżan
76%
123. Wyspy Owcze
76%
Nie znaleziono quizów pasujących do podanych kryteriów
Rozkład punktacji
Procent ludzi z każdym wynikiem
Percentyl według liczby udzielonych odpowiedzi
Twoja historia wyników
Nie rozwiązałeś tego quizu